000 01368cam a22003737a 4500
003 CHAP
005 20220329134555.0
008 971013s1994 r 00010 d
010 _a22402
011 _a23374
035 _a27470
040 _cCHAP
090 _aTesis
100 0 0 _aSolís Mendoza, Floriberto.
_9108449
245 0 _aRespuestas fisiológicas del crisantemo (Chrysanthemum morifolium Ramat) a la fertilización con CO2 y nitrógeno
260 _aMontecillo, Méx. :
_bEl autor,
_c1994
300 _a121 h.
502 _aTesis ( M.C. Esp. en Fisiología Vegetal) -- C.P. Programa de Fisiología Vegetal
590 _aALEPH
_b10
_c20130110
_lUCH01
_h1246
590 _aBATCH-UPD
_b10
_c20130110
_lUCH01
_h0155
590 _aBATCH-UPD
_b10
_c20130110
_lUCH01
_h1942
590 _aBATCH-UPD
_b10
_c20130410
_lUCH01
_h1305
590 _aBATCH-UPD
_b10
_c20130914
_lUCH01
_h0841
590 _aCONVERSION
_b10
_c20130109
_lUCH01
_h1313
650 1 4 _aCarbono
_xEfecto en crisantemo.
_918830
650 1 4 _aCrisantemo
_xFisiología y morfología.
_928954
650 1 4 _aDendranthema morifolium.
_931769
650 1 4 _aFertilizantes
_xEfecto en crisantemo.
_940504
650 1 4 _aNitrógeno
_xEfecto en crisantemo.
_981431
901 _aBK
942 _cFOLL
949 _bBC
_cTES
_d-63758
_eTS1
_h27268
_i27470
_si
949 _bBC
_cTES
_d-63759
_eTS2
_fc.2
_h27269
_i27470
_si
999 _c22402
_d22402